[Event "ch-Frankfurt A"]
[Site "Frankfurt Main"]
[Date "2025.06.16"]
[Round "7.37"]
[White "Grünzig, Matthias"]
[Black "Lopez Fuertes, Victor"]
[Result "1-0"]
[WhiteElo "1687"]
[BlackElo "1741"]
[PlyCount "85"]
[GameId "533428681008"]
[EventDate "2025.04.28"]
[EventType "swiss"]
[EventRounds "7"]
[EventCountry "GER"]
[WhiteTeam "FV Berkersheim"]
[BlackTeam "SC 1910 Höchst"]

1. d4 b6 2. Nf3 Bb7 3. e3 d6 4. Be2 Nd7 5. O-O e6 6. b3 g6 7. Bb2 Bg7 8. Nbd2 Ne7 9. Ne1 O-O 10. Bf3 d5 11. Nd3 c5 12. dxc5 bxc5 13. Bxg7 Kxg7 14. c4 Ba6 15. Qc2 Rc8 16. Rfe1 Qc7 17. Qb2+ f6 18. Nf4 Qd6 19. Bg4 Nf5 20. Be2 Bb7 21. Bf3 Ne5 22. Be2 h5 23. cxd5 exd5 24. Nf3 Kh6 25. Nd3 d4 26. Ndxe5 fxe5 27. Red1 Qf6 28. Qd2 e4 29. exd4+ Kh7 30. Ng5+ Kg8 31. Bc4+ Kh8 32. dxc5 e3 33. Nf7+ Rxf7 34. fxe3 Re7 35. Rf1 Qe5 36. Rae1 Qxc5 37. Qc3+ Qe5 38. Qxe5+ Rxe5 39. a4 a5 40. Rf2 Rce8 41. Rfe2 Nxe3 42. Bf7 Ng4 43. Bxe8 1-0

[Event "ch-Frankfurt A"]
[Site "Frankfurt Main"]
[Date "2025.06.16"]
[Round "7.40"]
[White "Manasek, Martin"]
[Black "Felgendreher, Luke"]
[Result "1/2-1/2"]
[WhiteElo "1641"]
[BlackElo "1681"]
[PlyCount "79"]
[GameId "533428681011"]
[EventDate "2025.04.28"]
[EventType "swiss"]
[EventRounds "7"]
[EventCountry "GER"]
[WhiteTeam "SC Flörsheim 1921"]
[BlackTeam "Freibauer Mörlenbach-Birkenau"]

1. d4 Nf6 2. c4 g6 3. Nc3 d5 4. Nf3 Bg7 5. Bg5 c6 6. e3 Nbd7 7. Be2 Qb6 8. Qc2 Qc7 9. Bf4 Qa5 10. O-O Nh5 11. Bg3 Nxg3 12. hxg3 e5 13. cxd5 cxd5 14. a3 e4 15. Nd2 Nf6 16. b4 Qd8 17. Rfc1 O-O 18. Nb5 Be6 19. Qc7 a6 20. Nd6 Qxc7 21. Rxc7 b5 22. Rac1 Ne8 23. Nxe8 Rfxe8 24. Nb3 Rec8 25. Na5 Rxc7 26. Rxc7 Rc8 27. Rxc8+ Bxc8 28. Nc6 Kf8 29. Na5 Ke7 30. f4 Kd6 31. Nb3 h5 32. Kh2 Bf8 33. g4 hxg4 34. g3 Be7 35. Kg2 g5 36. Kf2 gxf4 37. exf4 f5 38. Ke3 Kc6 39. Kd2 Bf6 40. Ke3 1/2-1/2